000 00626nam a22001817a 4500
005 20251108164300.0
008 250721s1985 xx 000 0 ara d
082 1 4 _a355/بيد
100 1 _aبيدويل، شيلفورد
245 1 0 _aالحرب الحديثة :
_bدراسة تحليلية للرجال و الأسلحة و النظريات /
264 1 _aبيروت :
_bالمؤسسة العربية للدراسات والنشر،
_c1985.
300 _a231ص
650 1 7 _aالحرب
650 1 7 _aالعلوم العسكرية
700 1 _aدرويش، مصطفى
_eترجمة
942 _2ddc
_cBK
999 _c8298
_d8298